000 00923cam a2200205 4500
001 ABS63912
008 000000n2001 000 0 eng u
035 _a(Sirsi) u112185
245 _aSetting up business improvement districts
260 _c2001
490 _aProperty Week
_v66(14) 6 April 2001, 79-81(3)
520 _aThis third part of the CPD distance-learning modules describes modern commercial leases and business improvement districts. Mentions what a BID is and gives examples from the United States about how it can work in areas such as the plans around Grand Central Station, New York City. In the UK the BIDs are in an embryonic stage and will not have the same wide-ranging powers as in the USA.
590 _aABS
650 _aCOMMERCIAL LEASES
650 _aBUSINESS IMPROVEMENT DISTRICTS
650 _aNEW YORK
650 _aCITY CENTRE REDEVELOPMENT
690 _aREGENERATION
942 _n0
999 _c66815
_d66815